Science Quiz

Random Science or Animal Quiz

Mammals of South America Quiz Stats

 Plays Quiz Updated Dec 5, 2017

Score 0/20 Timer 05:00
7 Plays Today
% Correct
Jaguar
90.7%
Giant Armadillo
90.5%
Maned Wolf
88%
Capybara
86.2%
Hoffmann's 2-Toed Sloth
85.8%
Brazilian Tapir
74.8%
Blond Capuchin
71.2%
Giant Anteater
67.9%
Bush Dog
65.9%
Jaguarundi
57.2%
% Correct
Vicuña
55.7%
Bald Uakari
55.2%
Mantled Howler Monkey
53.3%
Common Marmoset
51.1%
Patagonian Mara
50.9%
Kinkajou
47.9%
Tayra
46.7%
South American Coati
45.2%
Southern Tamandua
43.4%
Southern Pudú
42.7%

You're not logged in!

Compare scores with friends on all Sporcle quizzes.
OR
Log In

You Might Also Like...

Show Comments

Extras

Top Quizzes Today


Score Distribution

Your Account Isn't Verified!

In order to create a playlist on Sporcle, you need to verify the email address you used during registration. Go to your Sporcle Settings to finish the process.

Report this User

Report this user for behavior that violates our Community Guidelines.

Details: